English Words of Russian Origin - Statistics

General Stats
  • This quiz has been taken 308 times
    159 since last reset
  • The average score is 4 of 8
Answer Stats
Definition Word % Correct
Russian astronaut Cosmonaut
96%
Country house or cottage in Russia Dacha
60%
Left-wing majority group of the Russian Social Democratic Workers' Party Bolshevik
57%
Large kind of sturgeon Beluga
53%
Citadel within a Russian town Kremlin
46%
Peasant in Russia wealthy enough to own a farm and hire labour Kulak
27%
Collective farm in the Soviet Union Kolkhoz
22%
Compromising information collected for use in blackmailing, discrediting, or manipulating someone, typically for political purposes Kompromat
17%
No matching quizzes found
Score Distribution
Percent of People with Each Score
Percentile by Number Answered
Your Score History
You have not taken this quiz since the last reset